[Event "Winnipeg op"]
[Site "Winnipeg"]
[Date "2019.07.23"]
[Round "7.6"]
[White "Khedkar, Jay S"]
[Black "Melnyk, Jim"]
[Result "1-0"]
[WhiteElo "1986"]
[BlackElo "1708"]
[PlyCount "87"]
[EventDate "2019.06.04"]
[EventType "swiss"]
[EventRounds "8"]
[EventCountry "CAN"]
[SourceTitle "EXT 2023"]
[Source "ChessBase"]
[SourceDate "2022.10.05"]
[SourceVersion "1"]
[SourceVersionDate "2022.10.05"]
[SourceQuality "1"]

1. d4 c6 2. Nf3 d6 3. e4 Qc7 4. c4 Bg4 5. Nc3 e5 6. Be2 Nf6 7. 0-0 Be7 8. Be3 0-0 9. Rc1 Nbd7 10. b4 a6 11. d5 Bh5 12. Nd2 Bxe2 13. Qxe2 c5 14. b5 Ne8 15. Rb1 f5 16. f3 f4 17. Bf2 a5 18. Na4 b6 19. Nc3 Qd8 20. Kh1 Bh4 21. Rg1 Qf6 22. Nf1 Qh6 23. g4 fxg3 24. Nxg3 g6 25. Nf5 Rxf5 26. exf5 g5 27. Ne4 Kh8 28. Bxh4 gxh4 29. Qg2 Ndf6 30. Ng5 Ra7 31. Ne6 Ng7 32. Nxg7 Rxg7 33. Qxg7+ Qxg7 34. Rxg7 Kxg7 35. Rg1+ Kf7 36. Kg2 Nh5 37. Kh3 Nf4+ 38. Kxh4 h5 39. Rg5 Kf8 40. Rxh5 Nxh5 41. Kxh5 Kf7 42. Kg5 Kg7 43. f6+ Kf7 44. Kf5 1-0